logo

Bir Sreshtho Munshi Abdur Rouf Library
Jhenaidah Cadet College

Contact! : (Record no. 9129)

MARC details
000 -LEADER
fixed length control field 00754cam a22002651 4500
001 - CONTROL NUMBER
control field 9129
003 - CONTROL NUMBER IDENTIFIER
control field BD-JhCC
005 - DATE AND TIME OF LATEST TRANSACTION
control field 20180308193507.0
008 - FIXED-LENGTH DATA ELEMENTS--GENERAL INFORMATION
fixed length control field 700820s1968 nyuach b 000 0 eng
010 ## - LIBRARY OF CONGRESS CONTROL NUMBER
LC control number 68011072
020 ## - INTERNATIONAL STANDARD BOOK NUMBER
International Standard Book Number 213178001
035 ## - SYSTEM CONTROL NUMBER
System control number (BD-JhCC)9129
040 ## - CATALOGING SOURCE
Original cataloging agency DLC
Transcribing agency DLC
Modifying agency DLC
-- BD-JhCC
050 00 - LIBRARY OF CONGRESS CALL NUMBER
Classification number TL670
Item number .V5
082 00 - DEWEY DECIMAL CLASSIFICATION NUMBER
Classification number 387.7/33/4
Item number VIL 1968
100 1# - MAIN ENTRY--PERSONAL NAME
Personal name Villard, Henry Serrano,
Dates associated with a name 1900-
245 10 - TITLE STATEMENT
Title Contact! :
Remainder of title The story of the early birds /
Statement of responsibility, etc. Henry Serrano Villard,
260 ## - PUBLICATION, DISTRIBUTION, ETC.
Place of publication, distribution, etc. New York,
Name of publisher, distributor, etc. Crowell
Date of publication, distribution, etc. 1968.
300 ## - PHYSICAL DESCRIPTION
Extent 263 p. :
Other physical details illus., facsims., ports.
Dimensions 27 cm.
350 ## - PRICE (NR) (BK AM CF MU VM SE) [OBSOLETE]
Price 10.00
504 ## - BIBLIOGRAPHY, ETC. NOTE
Bibliography, etc. note Bibliography: p. 251-254.
650 #0 - SUBJECT ADDED ENTRY--TOPICAL TERM
Topical term or geographic name entry element Airplanes
General subdivision History.
650 #0 - SUBJECT ADDED ENTRY--TOPICAL TERM
Topical term or geographic name entry element Aeronautics
General subdivision History.
942 ## - ADDED ENTRY ELEMENTS (KOHA)
Source of classification or shelving scheme Dewey Decimal Classification
Koha item type Books
Holdings
Withdrawn status Lost status Source of classification or shelving scheme Damaged status Not for loan Home library Current library Shelving location Date acquired Total Checkouts Full call number Barcode Date last seen Copy number Price effective from Koha item type
    Dewey Decimal Classification     JCC Rouf Library JCC Rouf Library General Stacks 03/08/2018   387.7/33/4 VIL 1968 11121 03/08/2018 C-1 03/08/2018 Books

JCC Library | Contacts | JCC Home

Last Update on 23 September 2017
Copyright @ 2017-2020 JCC Rouf Library
Rouf Library, Jhenidah Cadet College (JCC), Bangladesh